[Event "FRA-chT4 0405"]
[Site "Bretagne"]
[Date "2005.03.13"]
[Round "6"]
[White "Corlobe, Antoine"]
[Black "Thomazon, Guillaume"]
[Result "0-1"]
[WhiteElo "1410"]
[BlackElo "1530"]
[PlyCount "76"]
[EventDate "2004.04.03"]
[EventType "team"]
[EventRounds "7"]
[EventCountry "FRA"]
[SourceTitle "EXT 2007"]
[Source "ChessBase"]
[SourceDate "2006.11.23"]
[SourceVersion "1"]
[SourceVersionDate "2006.11.23"]
[SourceQuality "1"]

1. e4 e5 2. Nf3 d6 3. Bc4 Nc6 4. Nc3 Be7 5. d4 exd4 6. Nxd4 Nxd4 7. Qxd4 Bf6 8. Qd5 Be6 9. Qb5+ c6 10. Qb3 Bxc4 11. Qxc4 Ne7 12. Bd2 0-0 13. e5 Bxe5 14. Qg4 Re8 15. 0-0-0 Qb6 16. Rhe1 Nd5 17. Na4 Qd4 18. Qg5 Qxa4 19. a3 Qd4 20. Bc3 Bf4+ 21. Kb1 Qxd1+ 22. Ka2 Bxg5 23. Rxd1 Nxc3+ 24. bxc3 d5 25. c4 dxc4 26. f4 Bxf4 27. g3 Bg5 28. h4 Bf6 29. Rf1 h6 30. g4 Re4 31. g5 hxg5 32. hxg5 Bxg5 33. Rg1 Bf6 34. Rf1 Rae8 35. Rxf6 gxf6 36. c3 Re2+ 37. Kb1 Rf2 38. Ka1 Re1# 0-1